000 00389nam a22001457a 4500
999 _c6799
_d6797
005 20210902115227.0
008 200604b xxu||||| |||| 00| 0 eng d
082 _a345.4 AIR
100 _aThe All India Reporter
_96852
245 _aThe All India Reporter1965 (V-52) M.P Section
260 _aBOMBAY
_bThe All India Reporter
_c1965
300 _a544p.
650 _aLAW
_95701
942 _cJRL